000 01163naa a22002897a 4500
001 BR8708029
003 BR-BrBNA
005 20250721154538.0
007 ta
008 250630b bl.|||m| |||| 00| 0 por d
040 _aBR-BrBNA
_bpor
_cBiblioteca Nacional de Agricultura
041 _a(Pt)
072 _aH10; A50
_b0336
090 _aH10 BR8708029
100 1 _aMenschoy, A.B.
245 1 _aPesquisas entomologicas com soja, realizadas no periodo de 1982/83
246 1 _a[Entomological researches with soybenas, in 1982/83]
246 1 _a[Soybeans. Results of research 1982/83]
500 _aSoja. Resultados de pesquisa 1982/83 Brasilia, DF (Brasil): Empresa Brasileira de Pesquisa Agropecuaria. Depto. de Difusao de Tecnologia, 1986. p. 119-124 [5 tables] (BR8708029-AMS)
773 0 _tSoja. Resultados de pesquisa 1982/83
_wH10 BR8708029
_gBrasilia, DF (Brasil), 1986. p. 119-124
650 _aSOJA
650 _aPRAGA DE PLANTA
650 _aPESQUISA AGRICOLA
490 _aDocumentos - Centro de Pesquisa Agropecuaria de Terras Baixas de Clima Temperado (Brazil)
_vno. 13
942 _cAMS
_2AGRIS
909 _a202506
_bLúcia
_c55
_dLúcia Elande
999 _c335532
_d335532